000 00444nam a2200169Ia 4500
003 GCL
008 140319s9999 xx 000 0 eng d
040 _aGCL /
_cGCL
082 0 4 _a005
_bN E
100 1 _aNEUFELDER ANN MARIE
245 1 0 _aENSURING SOFTWARE RELIBITTY /
_cNEUFELDER ANN MARIE
260 _a[S.N] :
_bMARCEL DEKKER, INC ،
_c1993
300 _a242 P
650 0 4 _aCOMPUTER SOFTWARE
650 0 4 _aRELIABILITY
942 _2ddc
_cBK
999 _c10611
_d10611